Vista normal Vista MARC

Entrada Personal Name

Número de registros utilizados en: 4

001 - CONTROL NUMBER

  • control field: 3

003 - CONTROL NUMBER IDENTIFIER

  • control field: DO-SdBNP

005 - DATE AND TIME OF LATEST TRANSACTION

  • control field: 20150619113141.0

008 - FIXED-LENGTH DATA ELEMENTS

  • fixed length control field: 810925n| azannaabn |n aaa

010 ## - LIBRARY OF CONGRESS CONTROL NUMBER

  • LC control number: n 81106140

035 ## - SYSTEM CONTROL NUMBER

  • System control number: (OCoLC)oca00651210

040 ## - CATALOGING SOURCE

  • Original cataloging agency: DO-SdBNP
  • Language of cataloging: spa
  • Description conventions: rda
  • Transcribing agency: BMET
  • Modifying agency: FMFIU
  • Modifying agency: UPB

046 ## - SPECIAL CODED DATES

  • Birth date: 19461130

053 #0 - LC CLASSIFICATION NUMBER

  • Classification number element--single number or beginning number of span: PQ7409.2.M37

100 1# - HEADING--PERSONAL NAME

  • Personal name: Mateo, Andrés L.,
  • Dates associated with a name: 1946-

370 ## - ASSOCIATED PLACE

  • Place of birth: Santo Domingo (República Dominicana)
  • Source of term: naf

374 ## - OCCUPATION

  • Record control number: escritor, novelista, poeta, filólogo, educador, crítico literario, ensayista, investigador y filósofo1

375 ## - GENDER

  • Gender: Masculino

377 ## - ASSOCIATED LANGUAGE

  • Language code: spa

670 ## - SOURCE DATA FOUND

  • Source citation: Poesía de post guerra/joven poesía dominicana, c1981 (a.e.)
  • Information found: t.p. (Andrés L. Mateo) solapa de contracubierta (b. 1946)

670 ## - SOURCE DATA FOUND

  • Source citation: Andrés L. Mateo, la aventura espiritual de la dominicanidad, 2010:
  • Information found: p. 17 (Andrés L. Mateo, b. Santo Domingo, Nov. 30, 1946)